000 00302nam a2200109Ia 4500
005 20251222154350.0
008 251222s9999||||xx |||||||||||||| ||spa||
082 _a909/V47
100 _a"Vera Tornell, Ricardo"
245 0 _aHistoria de la civilización: Compendio de la historia universal
942 _cLIB
999 _c34878
_d34878